000 00527nam a2200181Ia 4500
005 20250508154715.0
008 008 250505s9999 xx 000 0 eng d
037 _aTextual
040 _aFEDL
_beng
_cFEDL
041 _aeng
_2eng
084 _a372.4, HIL
_qFEDL
100 _aHill L A
245 0 _aAdvanced comprehension and appreciation pieces for overseas students
260 _aLondon, UK
_bOxford University Press
_c1962
300 _a118p.
942 _cTEXL
_h372.4, HIL
999 _c1351693
_d1351693